| 000 | 00464nam a22001577a 4500 | ||
|---|---|---|---|
| 008 | 230612b |||||||| |||| 00| 0 eng d | ||
| 040 |
_aNational Science Library _cNational Science Library |
||
| 080 |
_aR 621.38(03) _bK2 |
||
| 245 | _aEncyclopedia of electronics | ||
| 260 |
_aNew York: _bReinhold Publishing Corporation, _c1962 |
||
| 300 | _a974p. | ||
| 650 | _aScience | ||
| 653 | _aelectronics | ||
| 700 | _aSusskind, Charles (Ed.) | ||
| 942 |
_2udc _cENC |
||
| 999 |
_c42254 _d42254 |
||